| 000 | 01023nam a2200289Ia 4500 | ||
|---|---|---|---|
| 003 | OSt | ||
| 005 | 20221007121743.0 | ||
| 006 | a|||||r|||| 00| 0 | ||
| 007 | ta | ||
| 008 | 221006b |||||||| |||| 00| 0 eng d | ||
| 020 | _cRs.460.00 (hbd) | ||
| 024 | _a7070 | ||
| 037 |
_bBishen, _cTextual |
||
| 040 |
_aBDL _cBDL _beng |
||
| 041 |
_2eng _aeng |
||
| 082 | _aJ16.2, M7 | ||
| 100 |
_aNayar M P Ed _9712868 |
||
| 245 | 0 | _aNetwork of botanic gardens: bicentenary volume of Indian botanic garden ed by M P Nayar | |
| 260 |
_aCalcutta _bBotanical Survey of India _c1987 |
||
| 300 |
_a272p _ccm. |
||
| 500 | _aIncludes bibliographical references; ^n23/CSL/Carb/2000-2001/240^d2000-10-12^mPurchase; ; 2000-2001/321^b2000-11-01^c382^d2000-10-23^eRs.9,522.00^fBishen Singh Mahendra Pal Singh; ; 2000-11-03^bSB^c2000-12-12^dSB | ||
| 650 |
_a Floriculture _9710622 |
||
| 650 | _a India | ||
| 650 | _aAgriculture | ||
| 942 |
_hJ16.2, M7 _cTEXL _2CC |
||
| 999 |
_c1209297 _d1209297 |
||